书目信息 |
| 题名: |
水力学
|
|
| 作者: | 王正君 , 韩梅 主编 | |
| 分册: | ||
| 出版信息: | 北京 中国标准出版社 2014.10 |
|
| 页数: | 263页 | |
| 开本: | 26cm | |
| 丛书名: | ||
| 单 册: | ||
| 中图分类: | TV13 | |
| 科图分类: | ||
| 主题词: | 水力学--shui li xue--高等学校--教材 | |
| 电子资源: | ||
| ISBN: | 978-7-5026-3877-1 | |
| 000 | 00956nam0 2200277 450 | |
| 001 | CAL 0120141312122 | |
| 005 | 20150821133323.70 | |
| 010 | @a978-7-5026-3877-1@dCNY39.00 | |
| 100 | @a20141107d2014 em y0chiy50 ea | |
| 101 | 0 | @achi |
| 102 | @aCN@b110000 | |
| 105 | @aak a 000yy | |
| 106 | @ar | |
| 200 | 1 | @a水力学@Ashui li xue@f王正君, 韩梅主编 |
| 210 | @a北京@c中国标准出版社@c中国质检出版社@d2014.10 | |
| 215 | @a263页@c图@d26cm | |
| 320 | @a有书目 (第263页) | |
| 330 | @a本书共分十一章, 包括绪论、水静力学、水流运动基本原则、水流型态与水头损失、有压管道中的恒定流、明渠恒定非均匀流、堰流和闸孔出流、泄水建筑物游水流衔接与消能、相是原理与水工模型以及渗流基础。 | |
| 333 | @a21世纪高等学校规划教材 | |
| 586 | @a | |
| 606 | 0 | @a水力学@Ashui li xue@x高等学校@j教材 |
| 690 | @aTV13@v5 | |
| 701 | 0 | @a王正君@Awang zheng jun@4主编 |
| 701 | 0 | @a韩梅@Ahan mei@4主编 |
| 801 | 0 | @aCN@c20150820 |
| 905 | @a河南城建学院图书馆@dTV13@eW460@f3 | |
| 水力学/王正君, 韩梅主编.-北京:中国标准出版社:中国质检出版社,2014.10 |
| 263页:图;26cm |
| 使用对象:21世纪高等学校规划教材 |
| ISBN 978-7-5026-3877-1:CNY39.00 |
| 本书共分十一章, 包括绪论、水静力学、水流运动基本原则、水流型态与水头损失、有压管道中的恒定流、明渠恒定非均匀流、堰流和闸孔出流、泄水建筑物游水流衔接与消能、相是原理与水工模型以及渗流基础。 |
| ● |
| 相关链接 |
|
|
|
正题名:水力学
索取号:TV13/W460
 
预约/预借
| 序号 | 登录号 | 条形码 | 馆藏地/架位号 | 状态 | 备注 |
| 1 | 1167905 | 211679058 | 期刊室512/501自科库 47排4列2层/ [索取号:TV13/W460] | 在馆 | |
| 2 | 1167906 | 211679067 | 自科库501/501自科库 47排4列2层/ [索取号:TV13/W460] | 在馆 | |
| 3 | 1167907 | 211679076 | 自科库501/501自科库 47排4列2层/ [索取号:TV13/W460] | 在馆 |